000 01228nam a22003017a 4500
005 20100323103648.0
008 100323t xxu||||| |||| 00| 0 eng d
010 _aENG-95922
020 _a9788184840247
_c650.00
020 _a9788184840124
_c650.00
035 _aEN-79455
037 _bDBAD/PUB
040 _aDPL
082 _a333.790953
100 _aGhoble, Vrushal
245 _aEuropean Union and India:
_cby Vrushal Ghoble
_bContesting for gulf energy/
260 _aNew Delhi
_bRegal Publications
_c2009
270 _aF-159, Rajouri Garden
_bNew Delhi
_e110027
300 _axviii, 191p. :
_c24 cm. (Hb)
500 _aIncludes index
650 _aEnergy industry
_zPersion Gulf Region
650 _aEnergy policy
_zPersion Gulf Region
650 _aEnergy policy
_zEuropean Union Countries
651 _aEuropean Union Countries
_xForeign economics relations
_zPersian Gulf Region
651 _aPersian Gulf Region
_xForeign economics relations
_zEuropean Union Countries
942 _2ddc
_cEN
_mGHO
_h333.790953
999 _c34836
_d34836